1880 1934 1247 1662 1220 1476 1539 1604 1209 1847 1082 1888 1112 1700 1252 1081 1117 1227 1061 1143 1793 1485 1303 1446 1082 1423 1754 1103 1627 1539 1528 1010 1635 1010 1126 1979 1773 1249 1553 1589 1988 1801 1323 1608 1707 1829 1768 1880 1077 1098 1043 1121 1541 1892 1066 1730 1492 1797 1435 1765 1552 1377 1433 1722 1146 1713 1898 1005 1206 1532 1377 1327 1792 1685 1528 1369 1042 1399 1002 1985 1941 1339 1532 1275 1241 1010 1068 1488 1461 1086 1622 1068 1201 1138 1588 1352 1821 1366 1035 BCNSPRNW ULIB Ver.6.0+V

เปลี่ยนเป็นภาษาไทย

Change to English
 แสดงรายละเอียดบรรณานุกรม
  กลับหน้าหลัก

Brief Record : Get Marc (ISO 2709) : E-mail record : QR code < ปิดหน้าต่าง
LEADER : 00000nam 2200000uu 4500
001    13399126641
003     ULIB
008    190130s2561||||th 000 0 tha d
020    ^a9786117089046
060 04 ^aWY100^bพ282ก
100 0  ^aพรศิริ พันธสี
245 10 ^aกระบวนการพยาบาล & แบบแผนสุขภาพ :^bการประยุกต์ใช้ทางคลินิก=^bNursing process & functional health pattern : application in clinical practice /^cพรศิริ พันธสี
246 31 ^aNursing process & functional health pattern : applicationin clinical practice
250    ^aพิมพ์ครั้งที่ 21
260    ^aกรุงเทพฯ :^bพิมพ์อักษร,^c2561
300    ^aก-ฎ, 334 หน้า ;^c26 ซม.
650  7 ^aกระบวนการพยาบาล
650  7 ^aการพยาบาล, การวินิจฉัย
650  7 ^aสุขภาพ
650  7 ^aการพยาบาล
945    ^p220^l0^i26891
945    ^p220^l0^i26890
945    ^p220^l0^i26889
945    ^p220^l0^i26888
945    ^p220^l0^i26887
945    ^p220^l0^i26892
995    ^aกัณชพร
999    ^aกัณชพร จุลอักษร
รายการนี้ยังไม่มีแท็ก
คุณยังไม่ได้ล็อกอิน คุณสามารถมีกิจกรรมร่วมกับเว็บไซต์ได้ แต่ต้องล็อกอินก่อน ::
  ล็อกอิน

รายการสื่อสารสนเทศ

ลำดับที่ ประเภท เลขเรียก/บาร์โค้ด สถานที่ สถานะ
1. หนังสือสำรอง
หนังสือสำรอง
WY100 พ282ก ฉ.1 
  Barcode: 26887
ห้องสมุดวิทยาเขตนครสวรรค์
►หนังสือทั่วไป:l:General Books
บนชั้น
2. วิทยาศาสตร์การแพทย์ และสุขภาพ
วิทยาศาสตร์การแพทย์ และสุขภาพ
WY100 พ282ก ฉ.2 
  Barcode: 26888
ห้องสมุดวิทยาเขตนครสวรรค์
►หนังสือทั่วไป:l:General Books
ถูกยืม กำหนดส่งวันที่ 2 มิถุนายน 2569
  จอง
3. วิทยาศาสตร์การแพทย์ และสุขภาพ
วิทยาศาสตร์การแพทย์ และสุขภาพ
WY100 พ282ก ฉ.3 
  Barcode: 26889
ห้องสมุดวิทยาเขตนครสวรรค์
►หนังสือทั่วไป:l:General Books
บนชั้น
4. วิทยาศาสตร์การแพทย์ และสุขภาพ
วิทยาศาสตร์การแพทย์ และสุขภาพ
WY100 พ282ก ฉ.4 
  Barcode: 26890
ห้องสมุดวิทยาเขตนครสวรรค์
►หนังสือทั่วไป:l:General Books
บนชั้น
5. วิทยาศาสตร์การแพทย์ และสุขภาพ
วิทยาศาสตร์การแพทย์ และสุขภาพ
WY100 พ282ก ฉ.5 
  Barcode: 26891
ห้องสมุดวิทยาเขตนครสวรรค์
►หนังสือทั่วไป:l:General Books
ถูกยืม กำหนดส่งวันที่ 4 มิถุนายน 2569
  จอง
6. วิทยาศาสตร์การแพทย์ และสุขภาพ
วิทยาศาสตร์การแพทย์ และสุขภาพ
WY100 พ282ก ฉ.6 
  Barcode: 26892
ห้องสมุดวิทยาเขตนครสวรรค์
►หนังสือทั่วไป:l:General Books
ถูกยืม กำหนดส่งวันที่ 4 มิถุนายน 2569
  จอง

รายการใกล้เคียง
    ผู้แต่ง [พรศิริ พันธสี]

    หัวเรื่อง [กระบวนการพยาบาล]
    หัวเรื่อง [การพยาบาล, การวินิจฉัย]
    หัวเรื่อง [สุขภาพ]
    หัวเรื่อง [การพยาบาล]

BibComment


ยังไม่เคยถูกคอมเมนท์

คอมเมนท์ทรัพยากรรายการนี้
  คอมเมนท์: กระบวนการพยาบาล ..


 Copyright 2026. Bcnsprnw @Library